Statistics for Top 100 Highest Grossing Movies Worldwide

Click here to take the quiz!

General Stats

  • This quiz has been taken 4,407 times
    (561 since last reset)
  • The average score is 53 of 100

Answer Stats

Year ReleasedGross (in mil. $)Movie Title% Correct
2019$2,799.4Avengers: Endgame
95%
2009$2,923.7Avatar
94%
2022$2,320.3Avatar: The Way of Water
94%
2018$2,048.4Avengers: Infinity War
94%
2015$1,402.8Avengers: Age of Ultron
93%
2012$1,518.8Marvel's The Avengers
92%
1997$2,264.7Titanic
88%
2019$1,131.9Spider-Man: Far from Home
87%
2017$880.2Spider-Man: Homecoming
87%
2021$1,901.2Spider-Man: No Way Home
87%
2002$825Spider-Man
86%
2007$895Spider-Man 3
86%
2015$2,069.5Star Wars: The Force Awakens
81%
2013$1,214.8Iron Man 3
80%
2016$1,056Rogue One: A Star Wars Story
80%
2005$868.4Star Wars: Episode III - Revenge of the Sith
80%
1999$1,027Star Wars: Episode I - The Phantom Menace
80%
2019$1.074.2Star Wars: Episode IX - The Rise of Skywalker
80%
2017$1,332.7Star Wars: The Last Jedi
80%
2016$1,153.3Captain America: Civil War
74%
2023$1,434.2Barbie
73%
2010$977Harry Potter and the Deathly Hallows Part 1
68%
2008$1,006.1The Dark Knight
68%
2010$1,067Toy Story 3
68%
2019$1,073.4Toy Story 4
68%
2016$814Fantastic Beasts and Where To Find Them
67%
2002$880Harry Potter and the Chamber of Secrets
67%
2011$1,342.4Harry Potter and the Deathly Hallows Part 2
67%
2005$896.7Harry Potter and the Goblet of Fire
67%
2009$934.5Harry Potter and the Half-Blood Prince
67%
2007$942.2Harry Potter and the Order of the Phoenix
67%
2001$1,022.3Harry Potter and the Sorcerer's Stone
67%
1993$1,099.7Jurassic Park
65%
2015$1,671.5Jurassic World
65%
2022$1,001.9Jurassic World Dominion
65%
2018$1,310.5Jurassic World: Fallen Kingdom
65%
2017$854Thor: Ragnarok
65%
2013$1,281.5Frozen
63%
2019$1,450Frozen II
63%
1994$1,063.6The Lion King (1994)
62%
2019$1,663.3The Lion King (2019)
62%
2001$898The Lord of the Rings: The Fellowship of the Ring
61%
2003$1,146.4The Lord of the Rings: The Return of the King
61%
2002$947.9The Lord of the Rings: The Two Towers
61%
2018$1,347.6Black Panther
60%
2022$859.2Black Panther: Wakanda Forever
60%
2023$933.9Oppenheimer
59%
2015$1,515.3Furious 7
51%
2017$1,236The Fate of the Furious
51%
2017$863.8Guardians of the Galaxy Vol. 2
50%
2019$1,074.5Joker
50%
2012$1,017The Hobbit: An Unexpected Journey
50%
2014$962.2The Hobbit: The Battle of the Five Armies
50%
2013$959The Hobbit: The Desolation of Smaug
50%
2022$1,488.7Top Gun: Maverick
49%
2019$1,128.5Captain Marvel
48%
2018$1,148.5Aquaman
46%
2018$1,243Incredibles 2
44%
2007$961Pirates of the Caribbean: At World's End
44%
2006$1,066.2Pirates of the Caribbean: Dead Man's Chest
44%
2011$1,045.7Pirates of the Caribbean: On Stranger Tides
44%
2013$970.8Despicable Me 2
43%
2017$1,034.8Despicable Me 3
43%
2012$1,108.6Skyfall
42%
2023$1,360.1The Super Mario Bros. Movie
42%
2014$1,104Transformers: Age of Extinction
42%
2013$1,123.8Transformers: Dark of the Moon
42%
2009$836.3Transformers: Revenge of the Fallen
42%
2016$1,028.6Finding Dory
41%
2003$940.4Finding Nemo
41%
2017$1,273.6Beauty and the Beast
39%
2004$928.8Shrek 2
38%
2007$813.4Shrek the Third
38%
2013$865The Hunger Games: Catching Fire
38%
2019$1,050.7Aladdin (2019)
37%
2010$836.8Inception
37%
2015$1,159.4Minions
37%
2022$939,6Minions: The Rise of Gru
37%
2017$822.9Wonder Woman
37%
2022$955.8Doctor Strange in the Multiverse of Madness
36%
2015$880.7Spectre
35%
2017$807.8Coco
29%
2015$858.8Inside Out
29%
2016$1,024.1Zootopia
27%
2016$873.6Batman v Superman: Dawn of Justice
26%
2012$848The Twilight Saga: Breaking Dawn Part 2
25%
2017$962.5Jumanji: Welcome to the Jungle
23%
2010$1,025.5Alice in Wonderland
21%
2012$877.2Ice Age: Continental Drift
21%
2009$886.7Ice Age: Dawn of the Dinosaurs
21%
2012$1,081.2The Dark Knight Rises
21%
2016$966.6The Jungle Book
21%
1996$817.4Independence Day
20%
2018$856Venom
20%
2018$910.8Bohemian Rhapsody
12%
2016$894.3The Secret Life of Pets
12%
2021$822Hi, Mom
11%
2017$870.3Wolf Warrior 2 (Zhan lang II)
11%
2023$845.3Guardians of the Galaxy Vol. 3
10%
2021$902.5The Battle at Lake Changjin
6%

Score Distribution

Percentile by Number Answered

Percent of People with Each Score

Your Score History

You have not taken this quiz since the last reset